000 00669nam a2200217Ia 4500
003 IN-BaIIA
005 20250910113820.0
008 211028s9999 xx 000 0 eng d
040 _cIIA Library
080 _a535.338
_bHER
100 _aHerzberg, Gerhard
245 0 _aMolecular spectra and molecular structure
_bI, spectra of diatomic molecules
_cGerhard Herzberg
250 _a2nd ed.
260 _aToronto
_bVan Nostrand
_c1951
300 _axv, 658p.
650 _aDiatomic Molecules
_92369
650 _aMolecular Spectra
_91778
650 _aMolecular Spectroscopy
650 _aNASA Thesaurus
942 _cBK
_2ddc
999 _c1124
_d1124